| 000 | 01035cas a2200385 a 4500 | ||
|---|---|---|---|
| 001 | 61065561 | ||
| 003 | OSt | ||
| 005 | 20140310181800.0 | ||
| 008 | 901229u19619999iluar1 y 0uu1 0eng | ||
| 010 | _a61065561 | ||
| 020 | _a0852293763 | ||
| 022 | _a00727288 | ||
| 035 | _aCUW000097963 | ||
| 049 | _ana | ||
| 050 |
_aAY 59 _b.G786 1980 |
||
| 082 | 0 | 0 |
_aREF 333.79 _bG798 1980 |
| 090 | _aAY59.G7 | ||
| 245 | 0 | 4 | _aThe Great ideas today. |
| 260 | 0 | 0 |
_aChicago : _bEncyclopaedia Britannica, Inc. ; _cc1980. |
| 300 |
_aill. (part col.) ports. ; _c25 cm. |
||
| 362 | 0 | _a1961- | |
| 520 | _a1. World energy | ||
| 521 | _aBasic Ed. Students | ||
| 541 | _j1 | ||
| 541 | _j2 | ||
| 555 | _a1961-70 in 1970. | ||
| 562 | _e2 | ||
| 570 | _aEditors: 1961- R. M. Hutchins and M. J. Adler. | ||
| 650 | 0 | _aYearbooks. | |
| 700 | 1 |
_aHutchins, Robert Maynard, _d1899-1977. |
|
| 700 | 1 |
_aAdler, Mortimer Jerome, _d1902-2001. |
|
| 910 | _a/w/ | ||
| 942 |
_2lcc _cBK-GR _kREF |
||
| 949 |
_ana _b007158008 _n1961 _tmono |
||
| 999 |
_c3589 _d3589 |
||